| 000 | 00542nam a2200181 i 4500 | ||
|---|---|---|---|
| 001 | 35210 | ||
| 003 | ES-MaACL | ||
| 005 | 20230906155057.0 | ||
| 007 | t| | ||
| 008 | 030212s1940 sp ||||1| spa d | ||
| 100 | 1 |
_aBottai, Giuseppe. _930795 |
|
| 245 | 1 | 3 |
_aLa ordenación corporativa / _cGiuseppe Bottai ; traducción por Luis Antonio de Vega. |
| 250 | _a1ª ed. | ||
| 260 |
_aBurgos : _b[s.n., _c1940] ( _fImp. Aldecoa) |
||
| 300 |
_a183 p. ; _c19 cm. |
||
| 700 | 1 |
_aVega, Luis Antonio de. _9113571 |
|
| 852 |
_aES-MaACL _jA-5246 _bR.18306 |
||
| 999 |
_c35210 _d35210 |
||